[Event "94th Tradewise Hastings Congress"]
[Site "Hastings"]
[Date "2019.01.04"]
[Round "8"]
[White "Djuric, Stefan"]
[Black "Armstrong, Malcolm J"]
[Result "1/2-1/2"]
[WhiteElo "2371"]
[BlackElo "2052"]
[Annotator "NA"]
[PlyCount "132"]
[EventDate "2018.12.28"]
[EventType "swiss"]
[EventCountry "ENG"]
[SourceTitle "playchess.com"]
[Source "ChessBase"]
[SourceQuality "1"]
[TimeControl "40/6000+30:3000+30"]

1. e4 {[%emt 0:00:00]} c6 {[%emt 0:00:18]} 2. Nc3 {[%emt 0:00:05]} d5 {[%emt 0:00:11]} 3. Nf3 {[%emt 0:00:40]} dxe4 {[%emt 0:01:46]} 4. Nxe4 {[%emt 0:00:01]} Nf6 {[%emt 0:00:14]} 5. Nxf6+ {[%emt 0:01:06]} gxf6 {[%emt 0:00:14]} 6. d4 {[%emt 0:01:58]} Bf5 {[%emt 0:01:25]} 7. c3 {[%emt 0:04:26]} e6 {[%emt 0:00:18]} 8. Bf4 {[%emt 0:00:54]} Bd6 {[%emt 0:00:24]} 9. Bg3 {[%emt 0:02:11] B16: Caro-Kann: Bronstein-Larsen Variation} Qc7 {[%emt 0:00:22]} 10. Nd2 {[%emt 0:07:31]} (10. Qb3 Nd7 11. O-O-O O-O-O 12. Bd3 Bxd3 13. Rxd3 Bxg3 14. hxg3 Nc5 15. dxc5 Rxd3 16. Qa4 Rhd8 17. Qxa7 {0-1 (72) Yu,M (2093)-Ratkovic,M (2403) Budapest 2018}) 10... Nd7 {[%emt 0:04:26]} 11. Nc4 {[%emt 0:11:59]} Bxg3 {[%emt 0:00:55]} 12. hxg3 {[%emt 0:00:01]} O-O-O {[%emt 0:06:30]} 13. Qa4 $146 {[%emt 0:05:08]} ({Predecessor:} 13. Qb3 c5 14. O-O-O cxd4 15. Rxd4 Nc5 16. Qd1 Ne4 17. Rxd8+ Rxd8 {0-1 (27) Jiang,L-Visser,J (1773) Cammeray 2013}) 13... Kb8 {[%emt 0:02:26]} 14. Qa5 {[%emt 0:02:36]} c5 {[%emt 0:14:26]} 15. Qxc7+ {[%emt 0:07:10]} Kxc7 {[%emt 0:00:09]} 16. Ne3 {[%emt 0:00:04]} Bg6 {[%emt 0:06:07]} 17. Rh4 {[%emt 0:15:23]} cxd4 {[%emt 0:00:57]} 18. Rxd4 {[%emt 0:00:29]} Ne5 {[%emt 0:02:40]} 19. O-O-O {[%emt 0:00:04]} Nc6 {[%emt 0:06:44]} 20. Rxd8 {[%emt 0:03:42]} Rxd8 {[%emt 0:07:16]} 21. Rxd8 {[%emt 0:00:04]} Kxd8 {[%emt 0:01:36]} 22. b4 {[%emt 0:00:05]} Ke7 {[%emt 0:04:53]} 23. Kd2 {[%emt 0:01:14]} Kd6 {[%emt 0:05:02]} 24. a3 {[%emt 0:04:12]} Ne5 {[%emt 0:17:08]} 25. Be2 {[%emt 0:02:50]} f5 {[%emt 0:07:17]} 26. a4 {[%emt 0:05:32]} f6 {[%emt 0:00:47]} 27. f4 {[%emt 0:05:23]} Nd7 {[%emt 0:01:20]} 28. a5 {[%emt 0:02:32]} Be8 {[%emt 0:09:50]} 29. Nc4+ {[%emt 0:05:14]} Kc7 {[%emt 0:01:01]} 30. Na3 {[%emt 0:00:19]} a6 {[%emt 0:03:31]} 31. Nc4 {[%emt 0:01:09]} Nb8 {[%emt 0:02:00]} 32. Ne3 {[%emt 0:01:40]} Bc6 {[%emt 0:00:39]} 33. c4 {[%emt 0:03:44]} Be4 {[%emt 0:00:52]} 34. Kc3 {[%emt 0:00:15]} Nc6 {[%emt 0:01:08]} 35. Bf1 {[%emt 0:00:25]} Kd6 {[%emt 0:00:46]} 36. Nd1 {[%emt 0:01:00]} Ne7 {[%emt 0:00:45]} 37. Nf2 {[%emt 0:00:47]} Bc6 {[%emt 0:00:39]} 38. Nd3 {[%emt 0:03:49]} Ng6 {[%emt 0:00:46]} 39. Kd4 {[%emt 0:01:03]} e5+ {[%emt 0:00:38]} 40. Ke3 {[%emt 0:00:03]} Ne7 {[%emt 0:00:53]} 41. Ne1 {[%emt 0:52:34]} Bd7 {[%emt 0:05:33]} 42. Kd2 {[%emt 0:00:00]} Nc6 {[%emt 0:03:13]} 43. Kc3 {[%emt 0:00:00]} Nd4 {[%emt 0:02:04]} 44. Nd3 {[%emt 0:00:00]} Bc6 {[%emt 0:02:07]} 45. Nf2 {[%emt 0:00:00]} Ne6 {[%emt 0:02:20]} 46. b5 {[%emt 0:00:00]} Bd7 {[%emt 0:01:34]} 47. Kb4 {[%emt 0:00:00]} exf4 {[%emt 0:01:31]} 48. gxf4 {[%emt 0:00:00]} axb5 {[%emt 0:01:54]} 49. cxb5 {[%emt 0:00:00]} Nxf4 {[%emt 0:00:53]} 50. a6 {[%emt 0:00:00]} bxa6 {[%emt 0:00:13]} 51. bxa6 {[%emt 0:00:00]} Bc6 {[%emt 0:06:32]} 52. g3 {[%emt 0:00:00]} Nh5 {[%emt 0:00:27]} 53. g4 {[%emt 0:00:00]} fxg4 {[%emt 0:00:34]} 54. Nxg4 {[%emt 0:00:00]} f5 {[%emt 0:05:51]} 55. Nf2 {[%emt 0:00:00]} Nf4 {[%emt 0:03:54]} 56. Kc4 {[%emt 0:00:00]} Ne6 {[%emt 0:09:43]} 57. Bd3 {[%emt 0:00:00]} Ke5 {[%emt 0:00:33]} 58. Bc2 {[%emt 0:00:00]} h5 {[%emt 0:00:56]} 59. Nd3+ {[%emt 0:00:00]} Kd6 {[%emt 0:02:12]} 60. Nb4 {[%emt 0:00:00]} Be4 {[%emt 0:02:35]} 61. Bxe4 {[%emt 0:00:00]} fxe4 {[%emt 0:00:03]} 62. a7 {[%emt 0:00:00]} Nc7 {[%emt 0:00:08]} 63. Na6 {[%emt 0:00:00]} Na8 {[%emt 0:00:16]} 64. Kd4 {[%emt 0:00:00]} h4 {[%emt 0:00:16]} 65. Kxe4 {[%emt 0:00:00]} h3 $11 {[%emt 0:00:19]} 66. Kf3 {[%emt 0:00:00]} Kc6 {[%emt 0:00:16]} 1/2-1/2

[Event "94th Tradewise Hastings Congress"]
[Site "Hastings"]
[Date "2019.01.04"]
[Round "8"]
[White "Petrov, Vladimir Sergeev"]
[Black "Stefansson, Vignir Vatnar"]
[Result "0-1"]
[WhiteElo "2365"]
[BlackElo "2266"]
[Annotator "NA"]
[PlyCount "68"]
[EventDate "2018.12.28"]
[EventType "swiss"]
[EventCountry "ENG"]
[SourceTitle "playchess.com"]
[Source "ChessBase"]
[SourceQuality "1"]
[TimeControl "40/6000+30:3000+30"]

1. e4 {[%emt 0:04:27]} d5 {[%emt 0:00:00]} 2. exd5 {[%emt 0:00:26]} Qxd5 {[%emt 0:00:00]} 3. Nc3 {[%emt 0:00:06]} Qd6 {[%emt 0:00:03]} 4. g3 {[%emt 0:00:06]} Nc6 {[%emt 0:00:21]} 5. Bg2 {[%emt 0:00:12]} e5 {[%emt 0:00:08]} 6. Nf3 {[%emt 0:01:14]} Bg4 {[%emt 0:00:48]} 7. h3 {[%emt 0:00:54]} Bh5 {[%emt 0:00:08]} 8. d3 {[%emt 0:00:18]} O-O-O {[%emt 0:02:30]} 9. Be3 {[%emt 0:01:25]} f5 {[%emt 0:02:24]} 10. g4 {[%emt 0:25:38]} fxg4 {[%emt 0:03:17]} 11. Nd2 {[%emt 0:01:33]} Qd7 {[%emt 0:11:01]} 12. Nb5 {[%emt 0:41:52]} Nd4 {[%emt 0:03:10]} 13. Nxa7+ {[%emt 0:08:43]} Kb8 {[%emt 0:00:12]} 14. c3 {[%emt 0:01:45]} gxh3 {[%emt 0:03:43]} 15. Bf3 {[%emt 0:02:58]} Nxf3+ {[%emt 0:07:04]} 16. Nxf3 {[%emt 0:00:06]} Bxf3 {[%emt 0:00:51]} 17. Qxf3 {[%emt 0:00:13]} c5 {[%emt 0:00:10]} 18. d4 {[%emt 0:06:25]} cxd4 {[%emt 0:02:55]} 19. O-O-O {[%emt 0:00:48]} Bc5 {[%emt 0:01:32]} 20. cxd4 {[%emt 0:00:48]} exd4 {[%emt 0:01:14]} 21. Kb1 {[%emt 0:07:23]} Kxa7 {[%emt 0:01:07]} 22. Qh5 {[%emt 0:02:32]} Qd5 {[%emt 0:01:20]} 23. Qxh3 {[%emt 0:01:07]} Nf6 {[%emt 0:00:39]} 24. b4 {[%emt 0:00:27]} Qe4+ {[%emt 0:00:21]} 25. Ka1 {[%emt 0:00:23]} Bxb4 {[%emt 0:01:04]} 26. Bd2 {[%emt 0:00:02]} Bxd2 {[%emt 0:00:19]} 27. Rxd2 {[%emt 0:00:21]} d3 28. Rb1 {[%emt 0:00:32]} Qd4+ {[%emt 0:00:14]} 29. Rdb2 {[%emt 0:00:14]} Rd6 {[%emt 0:01:58]} 30. Qf5 {[%emt 0:01:31]} Nd5 {[%emt 0:00:39]} 31. Qf7 {[%emt 0:00:24]} Rb6 {[%emt 0:00:36]} 32. a3 d2 {[%emt 0:00:17]} 33. Ka2 {[%emt 0:00:57]} Nc3+ {[%emt 0:00:13]} 34. Ka1 {[%emt 0:00:05]} Nxb1 {[%emt 0:00:13]} 0-1

[Event "94th Tradewise Hastings Congress"]
[Site "Hastings"]
[Date "2019.01.04"]
[Round "8"]
[White "Murphy, Conor E"]
[Black "Cherniaev, Alexander"]
[Result "1/2-1/2"]
[WhiteElo "2331"]
[BlackElo "2393"]
[Annotator "NA"]
[PlyCount "102"]
[EventDate "2018.12.28"]
[EventType "swiss"]
[EventCountry "ENG"]
[SourceTitle "playchess.com"]
[Source "ChessBase"]
[SourceQuality "1"]
[TimeControl "40/6000+30:3000+30"]

1. e4 {[%emt 0:00:30]} e5 {[%emt 0:05:48]} 2. Nf3 {[%emt 0:00:08]} Nf6 {[%emt 0:00:05]} 3. Nxe5 {[%emt 0:00:22]} d6 {[%emt 0:00:09]} 4. Nf3 {[%emt 0:00:18]} Nxe4 {[%emt 0:00:09]} 5. Nc3 {[%emt 0:00:19]} Nf6 {[%emt 0:00:08]} 6. d4 {[%emt 0:00:08]} Be7 {[%emt 0:00:05]} 7. Bd3 {[%emt 0:00:20]} O-O {[%emt 0:00:09]} 8. O-O {[%emt 0:00:13]} Nc6 {[%emt 0:00:24]} 9. Re1 {[%emt 0:04:32]} Bg4 {[%emt 0:11:21]} 10. h3 {[%emt 0:22:29]} Bh5 {[%emt 0:00:12]} 11. Be3 {[%emt 0:01:55]} Re8 {[%emt 0:03:12]} 12. a3 {[%emt 0:10:11]} a6 {[%emt 0:07:37]} 13. Bf5 {[%emt 0:04:54]} Bf8 {[%emt 0:10:49]} 14. g4 {[%emt 0:04:43]} Bg6 {[%emt 0:00:08]} 15. Qd3 {[%emt 0:00:24]} Bxf5 {[%emt 0:03:57]} 16. gxf5 {[%emt 0:02:35]} Qd7 {[%emt 0:02:26]} 17. Bg5 {[%emt 0:01:28]} Nh5 {[%emt 0:00:57]} 18. d5 {[%emt 0:10:02]} Ne5 {[%emt 0:06:04]} 19. Nxe5 {[%emt 0:02:11]} dxe5 {[%emt 0:07:01]} 20. Qf3 {[%emt 0:02:56]} g6 {[%emt 0:00:30]} 21. fxg6 {[%emt 0:01:40]} hxg6 {[%emt 0:01:02]} 22. Ne4 {[%emt 0:01:09]} Qxd5 {[%emt 0:08:12]} 23. Qxh5 {[%emt 0:02:46]} Qxe4 {[%emt 0:00:08]} 24. Rxe4 {[%emt 0:00:11]} gxh5 {[%emt 0:00:13]} 25. Rh4 {[%emt 0:02:31]} Kg7 {[%emt 0:17:36]} 26. Be3 {[%emt 0:02:08]} f5 {[%emt 0:04:11]} 27. Rxh5 {[%emt 0:01:32]} f4 {[%emt 0:00:11]} 28. Bd2 {[%emt 0:00:58]} Kg6 {[%emt 0:00:40]} 29. Rh4 {[%emt 0:02:40]} Be7 {[%emt 0:00:33]} 30. Rg4+ {[%emt 0:00:14]} Kf5 {[%emt 0:00:02]} 31. f3 {[%emt 0:02:50]} Rad8 {[%emt 0:01:16]} 32. Bc3 {[%emt 0:04:06]} Bf6 {[%emt 0:04:31]} 33. Re1 {[%emt 0:00:43]} Rd7 {[%emt 0:00:40]} 34. Kg2 {[%emt 0:00:34]} Red8 {[%emt 0:01:54]} 35. Rh1 {[%emt 0:06:31]} Rh7 {[%emt 0:00:43]} 36. Re1 {[%emt 0:00:49]} b6 {[%emt 0:00:11]} 37. Rh1 {[%emt 0:02:21]} a5 {[%emt 0:01:56]} 38. a4 {[%emt 0:01:38]} Bh4 {[%emt 0:04:23]} 39. Rf1 {[%emt 0:01:17]} Bf6 {[%emt 0:01:47]} 40. Rh1 {[%emt 0:00:06]} Rdh8 {[%emt 0:00:07]} 41. Bd2 {[%emt 0:55:00]} Rd7 {[%emt 0:18:37]} 42. Bc3 {[%emt 0:00:00]} Rhd8 {[%emt 0:00:11]} 43. Kf2 {[%emt 0:00:00]} Rd5 {[%emt 0:04:08]} 44. Rhg1 {[%emt 0:00:00]} Rh8 {[%emt 0:02:16]} 45. Kg2 {[%emt 0:00:00]} Rd7 {[%emt 0:01:17]} 46. Re1 {[%emt 0:00:00]} Rdh7 {[%emt 0:00:14]} 47. Rh1 {[%emt 0:00:00]} Be7 {[%emt 0:00:36]} 48. Re1 {[%emt 0:00:00]} Bd6 {[%emt 0:00:32]} 49. Rh1 {[%emt 0:00:00]} Bc5 {[%emt 0:14:16]} 50. Re1 {[%emt 0:00:00]} Be3 {[%emt 0:00:22]} 51. Rh1 {[%emt 0:00:00]} Bc5 {[%emt 0:03:56]} 1/2-1/2

[Event "94th Tradewise Hastings Congress"]
[Site "Hastings"]
[Date "2019.01.04"]
[Round "8"]
[White "Derakhshani, Borna"]
[Black "Anderson, John"]
[Result "1-0"]
[WhiteElo "2325"]
[BlackElo "2163"]
[Annotator "NA"]
[PlyCount "67"]
[EventDate "2018.12.28"]
[EventType "swiss"]
[EventCountry "ENG"]
[SourceTitle "playchess.com"]
[Source "ChessBase"]
[SourceQuality "1"]
[TimeControl "40/6000+30:3000+30"]

1. d4 {[%emt 0:08:14]} d5 {[%emt 0:00:00]} 2. Bf4 {[%emt 0:00:42]} Nf6 {[%emt 0:00:13]} 3. Nf3 {[%emt 0:00:11]} c5 {[%emt 0:00:33]} 4. e3 {[%emt 0:00:10]} Nc6 {[%emt 0:00:41]} 5. c3 {[%emt 0:01:05]} Qb6 {[%emt 0:00:13]} 6. Qb3 {[%emt 0:00:04]} c4 {[%emt 0:01:14]} 7. Qc2 {[%emt 0:00:06]} Bf5 {[%emt 0:00:25]} 8. Qc1 {[%emt 0:00:05]} e6 {[%emt 0:00:48]} 9. h3 h6 {[%emt 0:00:48]} 10. Nbd2 {[%emt 0:03:24]} Be7 {[%emt 0:00:36]} 11. Be2 {[%emt 0:00:17]} O-O {[%emt 0:00:14]} 12. O-O {[%emt 0:00:21]} Rfc8 {[%emt 0:00:12]} 13. Bd1 {[%emt 0:01:15]} Qd8 {[%emt 0:01:57]} 14. Bc2 {[%emt 0:01:00]} Bxc2 {[%emt 0:00:28]} 15. Qxc2 {[%emt 0:00:03]} b5 {[%emt 0:00:08]} 16. Rfe1 {[%emt 0:04:04]} Bd6 {[%emt 0:05:02]} 17. Rad1 {[%emt 0:06:05]} Rab8 {[%emt 0:06:50]} 18. a3 {[%emt 0:08:29]} Rb7 {[%emt 0:07:46]} 19. Bxd6 {[%emt 0:06:40]} Qxd6 {[%emt 0:00:33]} 20. e4 {[%emt 0:00:04]} dxe4 {[%emt 0:00:57]} 21. Nxe4 {[%emt 0:00:26]} Nxe4 {[%emt 0:00:09]} 22. Qxe4 {[%emt 0:00:20]} Rd7 {[%emt 0:00:16]} 23. Qg4 {[%emt 0:00:26]} Rcd8 {[%emt 0:03:27]} 24. Rd2 {[%emt 0:02:10]} a5 {[%emt 0:02:29]} 25. Rde2 {[%emt 0:00:56]} Qc7 {[%emt 0:14:39]} 26. Nh4 {[%emt 0:05:50]} Rd5 {[%emt 0:11:34]} 27. f4 {[%emt 0:02:04]} h5 {[%emt 0:04:13]} 28. Qg3 {[%emt 0:05:01]} g5 {[%emt 0:06:30]} 29. Re4 {[%emt 0:04:19]} Kh8 {[%emt 0:03:41]} 30. Nf3 {[%emt 0:01:02]} Rg8 {[%emt 0:00:11]} 31. Ne5 {[%emt 0:01:25]} f5 {[%emt 0:11:57]} 32. R4e2 {[%emt 0:01:06]} Nxe5 {[%emt 0:01:02]} 33. Rxe5 {[%emt 0:01:11]} gxf4 {[%emt 0:03:01]} 34. Qf3 {[%emt 0:01:47]} 1-0

[Event "94th Tradewise Hastings Congress"]
[Site "Hastings"]
[Date "2019.01.04"]
[Round "8"]
[White "Lyell, Mark"]
[Black "Leenhouts, Koen"]
[Result "1/2-1/2"]
[WhiteElo "2317"]
[BlackElo "2470"]
[Annotator "TA"]
[PlyCount "122"]
[EventDate "2018.12.28"]
[EventType "swiss"]
[EventCountry "ENG"]
[SourceTitle "playchess.com"]
[Source "ChessBase"]
[SourceQuality "1"]

{[%evp 24,122,13,0,34,31,48,20,46,-35,-36,-37,-42,-44,-15,-17,38,29,30,-23,61,49,45,52,85,0,31,0,0,0,0,0,0,0,0,0,0,-24,0,-18,0,0,0,0,0,0,0,0,0,0,8,11,12,0,0,0,0,0,0,0,0,0,0,0,0,0,0,0,0,0,0,0,14,0,0,0,0,0,0,0,0,0,0,0,0,0,0,0,0,0,0,0,0,0,0,0,0,0,0,0,0]} 1. e4 c5 2. Nf3 Nc6 3. Bb5 g6 4. Bxc6 dxc6 5. d3 Bg7 6. h3 Nf6 {[%cal Bg8f6,Bf6d7,Bd7f8,Bf8g6,Bg6e5][%mdl 32]} 7. Nc3 Nd7 8. Be3 e5 9. Qd2 h6 {B31: Sicilian: 2...Nc6 3 Bb5 g6} 10. O-O b6 (10... Qe7 11. Nh2 Nf8 12. f4 exf4 13. Bxf4 Ne6 14. Bg3 Nd4 15. e5 Bf5 16. Rae1 O-O-O 17. Ne4 Bxe4 18. Rxe4 {½-½ (42) Amin,B (2686)-Flores,D (2621) Batumi 2018}) 11. Nh2 Nf8 12. f4 exf4 13. Bxf4 {LiveBook: 5 Games} g5 14. Bg3 Be6 $146 15. Rae1 (15. e5 {is more complex.} Ng6 16. Rae1 Qd4+ 17. Re3 O-O 18. Nf3) 15... Ng6 16. Ng4 (16. e5 $14) 16... Bxg4 $15 17. hxg4 Bd4+ 18. Bf2 $1 Ne5 19. Qe2 Qd7 (19... Qd6 $11) 20. Nd5 $1 $14 {[%cal Rd5f6,Bc3d5,Bd5e3,Be3g4][%mdl 32]} Bxf2+ 21. Rxf2 (21. Qxf2 $142 O-O-O 22. Nf6) 21... O-O-O (21... cxd5 $11 22. exd5 O-O 23. Qxe5 Rae8) 22. Ne3 Rh7 23. Rf5 Ng6 24. g3 (24. Nc4 $16) 24... Rdh8 25. Kg2 (25. Ref1 $14) 25... h5 $11 26. gxh5 $1 ({Much worse is} 26. Rxg5 h4 $17) 26... Rxh5 27. Ng4 $1 {[#]} f6 $1 {[%mdl 512]} 28. Rxf6 {[#]} Ne5 $1 {[%cal Re5g4][%mdl 512]} 29. Rf5 (29. Nxe5 Rh2+) 29... Nxg4 30. Qxg4 Rh2+ 31. Kf3 {The position is equal.} Rxc2 32. Rxg5 Rf8+ 33. Ke3 Rxb2 34. Qxd7+ Kxd7 35. Re2 Rxe2+ 36. Kxe2 {[%mdl 4096] Endgame KR-KR} Rf7 37. g4 a5 {[%cal Ba7a5,Ba5a4][%mdl 32]} 38. Ke3 a4 39. Rf5 Rh7 40. Rh5 Rg7 41. Kf4 Rf7+ 42. Ke5 Re7+ 43. Kf6 c4 $1 {[%cal Rc4d3]} 44. dxc4 {aiming for Re5.} Rxe4 45. g5 Rf4+ 46. Kg7 Rxc4 47. g6 {Rh7 is the strong threat.} b5 {[%cal Bb6b5,Bb5b4,Bb4b3][%mdl 32]} 48. Kh6 {Black must now prevent g7.} Ke6 49. g7 Rg4 50. Rc5 ({Avoid the trap} 50. Rg5 $2 Rxg5 51. Kxg5 Kf7 $19) 50... Rxg7 51. Kxg7 {KR-K3P} Kd6 52. Rc1 {And now Rb1 would win.} b4 53. Kf6 Kd5 $1 54. Kf5 c5 55. Kf4 Kd4 $1 56. Kf3 c4 {Hoping for ...b3.} 57. Ke2 b3 $1 {[%cal Rb3b2] Strongly threatening ...b2.} 58. Kd2 c3+ $1 59. Rxc3 b2 60. Rd3+ Kc4 $1 61. Rc3+ Kd4 {Accuracy: White = 56%, Black = 67%.} 1/2-1/2

[Event "94th Tradewise Hastings Congress"]
[Site "Hastings"]
[Date "2019.01.04"]
[Round "8"]
[White "Pitschka, Claus"]
[Black "Spanton, Tim R"]
[Result "1-0"]
[WhiteElo "2241"]
[BlackElo "1954"]
[Annotator "NA"]
[PlyCount "43"]
[EventDate "2018.12.28"]
[EventType "swiss"]
[EventCountry "ENG"]
[SourceTitle "playchess.com"]
[Source "ChessBase"]
[SourceQuality "1"]
[TimeControl "40/6000+30:3000+30"]

1. d4 {[%emt 0:09:21]} d5 {[%emt 0:00:00]} 2. c4 {[%emt 0:00:06]} e6 {[%emt 0:00:00]} 3. Nc3 {[%emt 0:00:22]} Nf6 {[%emt 0:00:00]} 4. cxd5 {[%emt 0:00:21]} Nxd5 {[%emt 0:00:00]} 5. e4 {[%emt 0:00:38]} Nxc3 {[%emt 0:00:00]} 6. bxc3 {[%emt 0:00:05]} c5 {[%emt 0:00:05]} 7. Nf3 {[%emt 0:01:59]} cxd4 {[%emt 0:00:06]} 8. cxd4 {[%emt 0:00:07]} Bb4+ {[%emt 0:00:05]} 9. Bd2 {[%emt 0:00:06]} Bxd2+ {[%emt 0:00:05]} 10. Qxd2 {[%emt 0:00:06]} O-O {[%emt 0:00:10]} 11. Bd3 {[%emt 0:04:57]} Nc6 {[%emt 0:02:23]} 12. Qc3 {[%emt 0:00:12]} Qa5 {[%emt 0:01:40]} 13. Qxa5 {[%emt 0:01:10]} Nxa5 {[%emt 0:00:06]} 14. Ke2 {[%emt 0:00:31]} b6 {[%emt 0:00:59]} 15. Rac1 {[%emt 0:12:49]} Bb7 {[%emt 0:00:26]} 16. Ke3 {[%emt 0:00:32]} Rac8 {[%emt 0:01:12]} 17. Ne5 {[%emt 0:01:52]} Rxc1 {[%emt 0:04:22]} 18. Rxc1 {[%emt 0:00:07]} Rc8 {[%emt 0:00:09]} 19. Rxc8+ {[%emt 0:00:36]} Bxc8 {[%emt 0:00:05]} 20. d5 {[%emt 0:00:27]} Kf8 {[%emt 0:01:16]} 21. d6 {[%emt 0:07:51]} Bb7 {[%emt 0:00:14]} 22. Bb5 {[%emt 0:03:02] Ke8 [%emt 00:04:50]} 1-0

[Event "94th Tradewise Hastings Congress"]
[Site "Hastings"]
[Date "2019.01.04"]
[Round "8"]
[White "Villiers, Thomas"]
[Black "Midhun, P U"]
[Result "0-1"]
[WhiteElo "2205"]
[BlackElo "2010"]
[Annotator "NA"]
[PlyCount "138"]
[EventDate "2018.12.28"]
[EventType "swiss"]
[EventCountry "ENG"]
[SourceTitle "playchess.com"]
[Source "ChessBase"]
[SourceQuality "1"]
[TimeControl "40/6000+30:3000+30"]

1. e4 {[%emt 0:01:36]} e5 {[%emt 0:00:00]} 2. Nc3 {[%emt 0:00:05]} Nc6 {[%emt 0:00:18]} 3. g3 {[%emt 0:06:17]} Bc5 {[%emt 0:03:13]} 4. Bg2 {[%emt 0:00:10]} d6 {[%emt 0:04:37]} 5. Nge2 {[%emt 0:02:08]} h5 {[%emt 0:02:41]} 6. h3 {[%emt 0:01:36]} a6 {[%emt 0:03:35]} 7. d3 {[%emt 0:00:41]} Be6 {[%emt 0:04:36]} 8. Nd5 {[%emt 0:03:36]} Nd4 {[%emt 0:12:57]} 9. Nxd4 {[%emt 0:05:56]} Bxd4 {[%emt 0:00:03]} 10. c3 {[%emt 0:00:10]} Ba7 {[%emt 0:01:02]} 11. O-O {[%emt 0:10:36]} c6 {[%emt 0:02:50]} 12. Ne3 {[%emt 0:00:06]} g5 {[%emt 0:15:02]} 13. d4 {[%emt 0:04:46]} Qf6 {[%emt 0:01:20]} 14. d5 {[%emt 0:01:21]} Bd7 {[%emt 0:00:33]} 15. dxc6 {[%emt 0:00:48]} bxc6 {[%emt 0:00:03]} 16. Nc4 {[%emt 0:00:57]} h4 {[%emt 0:08:51]} 17. Be3 {[%emt 0:10:43]} Rh6 {[%emt 0:08:54]} 18. Qd2 {[%emt 0:04:53]} Bxe3 {[%emt 0:08:36]} 19. fxe3 {[%emt 0:01:00]} Qe6 {[%emt 0:00:52]} 20. Nb6 {[%emt 0:00:15]} Rb8 {[%emt 0:00:20]} 21. Nxd7 {[%emt 0:00:15]} Qxd7 {[%emt 0:00:03]} 22. g4 {[%emt 0:00:15]} Rf6 {[%emt 0:05:38]} 23. Rf5 {[%emt 0:01:14]} Rxf5 {[%emt 0:00:48]} 24. exf5 {[%emt 0:00:05]} f6 {[%emt 0:00:47]} 25. e4 {[%emt 0:03:18]} Ne7 {[%emt 0:01:15]} 26. Rd1 {[%emt 0:01:19]} Nc8 {[%emt 0:00:34]} 27. Bf1 {[%emt 0:00:58]} Ke7 {[%emt 0:04:21]} 28. Bc4 {[%emt 0:01:36]} a5 {[%emt 0:01:06]} 29. Be6 {[%emt 0:00:33]} Qc7 {[%emt 0:00:06]} 30. b4 {[%emt 0:01:43]} axb4 {[%emt 0:00:40]} 31. cxb4 {[%emt 0:00:01]} Na7 {[%emt 0:00:25]} 32. Kh1 {[%emt 0:01:50]} Nb5 {[%emt 0:01:22]} 33. Bb3 {[%emt 0:05:09]} Qb6 {[%emt 0:04:52]} 34. Qe2 {[%emt 0:00:01]} Na3 {[%emt 0:01:38]} 35. Rc1 {[%emt 0:02:40]} Kd7 {[%emt 0:02:27]} 36. Ba4 {[%emt 0:02:47]} Qxb4 {[%emt 0:05:01]} 37. Bxc6+ {[%emt 0:00:20]} Kd8 {[%emt 0:00:07]} 38. Qd3 {[%emt 0:01:42]} Kc7 {[%emt 0:04:38]} 39. Ba4+ {[%emt 0:03:59]} Kb7 {[%emt 0:00:49]} 40. Qd5+ {[%emt 0:00:33]} Ka7 {[%emt 0:00:25]} 41. Bb3 {[%emt 0:54:10]} Rb5 {[%emt 0:52:04]} 42. Qd3 {[%emt 0:10:26]} Rc5 {[%emt 0:00:00]} 43. Qe3 {[%emt 0:00:00]} Kb8 {[%emt 0:00:00]} 44. Bd5 {[%emt 0:00:00]} Rxc1+ {[%emt 0:00:00]} 45. Qxc1 {[%emt 0:00:00]} Qb1 {[%emt 0:00:00]} 46. Qxb1+ {[%emt 0:00:00]} Nxb1 {[%emt 0:00:00]} 47. Bc6 {[%emt 0:00:00]} Kc7 {[%emt 0:00:00]} 48. Ba8 {[%emt 0:00:00]} Kb6 {[%emt 0:00:00]} 49. Kg2 {[%emt 0:00:00]} Nc3 {[%emt 0:00:00]} 50. a3 {[%emt 0:00:00]} Nb5 {[%emt 0:00:00]} 51. Kf3 {[%emt 0:00:00]} Nxa3 {[%emt 0:00:00]} 52. Bd5 {[%emt 0:00:00]} Kc5 {[%emt 0:00:00]} 53. Ke3 {[%emt 0:00:00]} Nc2+ {[%emt 0:00:00]} 54. Kd2 {[%emt 0:00:00]} Nb4 {[%emt 0:00:00]} 55. Bb7 {[%emt 0:00:00]} Kd4 {[%emt 0:00:00]} 56. Ke2 {[%emt 0:00:00]} d5 {[%emt 0:00:00]} 57. exd5 {[%emt 0:00:00]} Nxd5 {[%emt 0:00:00]} 58. Kf2 {[%emt 0:00:00]} Nf4 {[%emt 0:00:00]} 59. Kf3 {[%emt 0:00:00]} Nxh3 {[%emt 0:00:00]} 60. Bc6 {[%emt 0:00:00]} Nf4 {[%emt 0:00:00]} 61. Bb7 {[%emt 0:00:00]} h3 {[%emt 0:00:00]} 62. Kg3 {[%emt 0:00:00]} e4 {[%emt 0:00:00]} 63. Ba6 {[%emt 0:00:00]} Kc3 {[%emt 0:00:00]} 64. Bf1 {[%emt 0:00:00]} Kd2 {[%emt 0:00:00]} 65. Kh2 {[%emt 0:00:00]} e3 {[%emt 0:00:00]} 66. Bxh3 {[%emt 0:00:00]} Nxh3 {[%emt 0:00:00]} 67. Kxh3 {[%emt 0:00:00]} e2 {[%emt 0:00:00]} 68. Kg2 {[%emt 0:00:00]} e1=Q {[%emt 0:00:00]} 69. Kh3 {[%emt 0:00:00]} Qh4+ {[%emt 0:00:00]} 0-1